| 000 | 00708nam a22002057a 4500 | ||
|---|---|---|---|
| 999 |
_c158442 _d158442 |
||
| 005 | 20181029151317.0 | ||
| 010 | _aB-710667 | ||
| 020 | _a9780713993592 | ||
| 035 | _aB-710667 | ||
| 037 | _bPenguin Books | ||
| 082 | _a327.124704 | ||
| 100 | _aAndrew, Christopher | ||
| 245 |
_aThe Mitrokhin archive II: _bThe KGB and the world / _cChristopher Andrew [and] Vasili Mitrokhin |
||
| 260 |
_aNew Delhi _bPenguin _c2005 |
||
| 270 |
_aII , Community Centre, Panchsheel Park _bNew Delhi _e110017 |
||
| 300 |
_axxxiii, 677p. _c24 cm(pbk) |
||
| 500 | _aincludes bibliographical references and index | ||
| 942 |
_2ddc _cEN _h327.124704 _mAND |
||